Central Library OPAC University of Rajshahi

Capital : (Record no. 52055)

MARC details
000 -LEADER
fixed length control field 01239nam a2200325 a 4500
001 - CONTROL NUMBER
control field 52055
003 - CONTROL NUMBER IDENTIFIER
rucl marc code BD-RjUL
005 - DATE AND TIME OF LATEST TRANSACTION
control field 20211209075740.0
008 - FIXED-LENGTH DATA ELEMENTS--GENERAL INFORMATION
fixed length control field 160905s1906 nyu b 001 0 eng d
035 ## - SYSTEM CONTROL NUMBER
System control number (BD-RjUL)52175
040 ## - CATALOGING SOURCE
Original cataloging agency OQP
Transcribing agency OQP
Modifying agency MPC
-- BD-RjUL
Language of cataloging eng
041 1# - LANGUAGE CODE
Language code of text/sound track or separate title eng
Language code of original ger
082 ## - DEWEY DECIMAL CLASSIFICATION NUMBER
Edition number 23
Classification number 335.412
Author mark and year MAC 1906
100 1# - MAIN ENTRY--PERSONAL NAME
Personal name Marx, Karl,
Dates associated with a name 1818-1883.
9 (RLIN) 155682
245 10 - TITLE STATEMENT
Title Capital :
Remainder of title a critique of political economy /
Statement of responsibility, etc. by Karl Marx ; translated from the third German edition by Samuel Moore and Edward Aveling ; edited by Frederick Engels ; revised and amplified according to the fourth German edition by Ernest Untermann.
260 ## - PUBLICATION, DISTRIBUTION, ETC. (IMPRINT)
Place of publication, distribution, etc. New York :
Name of publisher, distributor, etc. Modern Library,
Date of publication, distribution, etc. c1906.
300 ## - PHYSICAL DESCRIPTION
Pagination 869 p. ;
Size 21 cm.
490 1# - SERIES STATEMENT
Series statement Modern library of the world's best books
500 ## - GENERAL NOTE
General note Translation of: Das Kapital.
General note Includes index.
504 ## - BIBLIOGRAPHY, ETC. NOTE
Bibliography, etc Bibliography: p. 849-864.
650 #0 - SUBJECT ADDED ENTRY--TOPICAL TERM
Topical term or geographic name as entry element Capital.
9 (RLIN) 155683
Topical term or geographic name as entry element Economics.
9 (RLIN) 155684
700 1# - ADDED ENTRY--PERSONAL NAME
Personal name Aveling, Edward B.,
Dates associated with a name 1849-1898.
Personal name Engels, Friedrich,
Dates associated with a name 1820-1895.
Personal name Untermann, Ernest.
Personal name Moore, Samuel.
830 #0 - SERIES ADDED ENTRY--UNIFORM TITLE
Uniform title Modern library of the world's best books.
942 ## - ADDED ENTRY ELEMENTS (KOHA)
Source of classification or shelving scheme Dewey Decimal Classification
Koha item type Books
Holdings
Lost status Source of classification or shelving scheme Damaged status Not for loan Collection code Permanent Location Current Location Shelving location Date acquired Source of acquisition Total Checkouts Full call number Date last seen Copy number Koha item type
  Dewey Decimal Classification     Non-fiction Central Library, University of Rajshahi Central Library, University of Rajshahi   30/04/1965 Zeitlinger   335.412 MAC 1906 05/09/2016 C-2 Books